000 00309nam a22001337a 4500
008 171108b xxu||||| |||| 00| 0 eng d
020 _a0136383475
041 _aeng
080 _22nd
_a330.322
100 _a64
101 _aINV
245 _aOPTIONS AS A STRATEGIC INVESTMENT
_cMILLAN,L.G
942 _2udc
_cBK
999 _c38180
_d38180